Visualizzazione normale
Vista MARC
- Toledo (España)
di Geographic Name
Records bibliografici associati: 1
001 - CONTROL NUMBER
- control field: 23275
003 - CONTROL NUMBER IDENTIFIER
- control field: IT-RoINE
005 - DATE AND TIME OF LATEST TRANSACTION
- control field: 20160401171224.0
008 - FIXED-LENGTH DATA ELEMENTS
- fixed length control field: 160401|| aca||aabn | a|a d
040 ## - CATALOGING SOURCE
- Original cataloging agency: IT-RoINE
- Transcribing agency: IT-RoINE
151 ## - HEADING--GEOGRAPHIC NAME
- Geographic name: Toledo (España)
- General subdivision: Historia
- Chronological subdivision: Siglos 16o.-20o.
670 ## - SOURCE DATA FOUND
- Source citation: Work cat.: (IT-RoINE)11363: Marañón y Bertrán de Lis, Gregorio 1942- 23260, Memorias del Cigarral, 1552-2015 /, 2015.